[Event "Nezhmetdinov Memorial 43rd"]
[Site "Kazan"]
[Date "2021.05.29"]
[Round "1"]
[White "Timofeev, Artyom"]
[Black "Martynyuk, Elizaveta"]
[Result "1-0"]
[WhiteElo "2594"]
[BlackElo "2036"]
[PlyCount "49"]
[EventDate "2021.05.29"]
[EventType "swiss"]
[EventRounds "9"]
[EventCountry "RUS"]
[SourceTitle "CBM 203 Extra"]
[Source "ChessBase"]
[SourceDate "2021.09.30"]
[SourceVersion "1"]
[SourceVersionDate "2021.09.30"]
[SourceQuality "1"]

1. d4 d5 2. c4 c6 3. Nf3 Nf6 4. g3 e6 5. Bg2 dxc4 6. Ne5 b5 7. a4 a6 8. axb5 Bd6 9. Nxc4 Bb7 10. b6 0-0 11. 0-0 Nd5 12. Qb3 Be7 13. Na5 Qd7 14. Nc3 Rc8 15. Rd1 c5 16. dxc5 Rxc5 17. Nxb7 Qxb7 18. Nxd5 exd5 19. Rxd5 Nc6 20. Be3 Rxd5 21. Qxd5 Rc8 22. Rc1 Nd8 23. Qxb7 Rxc1+ 24. Bxc1 Nxb7 25. Bxb7 1-0

[Event "Khanty-Mansiysk Governor Cup 16th"]
[Site "Khanty-Mansiysk"]
[Date "2020.12.04"]
[Round "5"]
[White "Zvereva, Margarita"]
[Black "Martynyuk, Elizaveta"]
[Result "1-0"]
[WhiteElo "1937"]
[BlackElo "2107"]
[PlyCount "137"]
[EventDate "2020.11.30"]
[EventType "swiss"]
[EventRounds "9"]
[EventCountry "RUS"]
[SourceTitle "CBM 199 Extra"]
[Source "ChessBase"]
[SourceDate "2021.01.31"]
[SourceVersion "1"]
[SourceVersionDate "2021.01.31"]
[SourceQuality "1"]

1. e4 c5 2. Nf3 e6 3. d4 cxd4 4. Nxd4 Nc6 5. Nc3 Qc7 6. Be3 Nf6 7. f4 Nxd4 8. Qxd4 Ng4 9. Be2 Nxe3 10. Qxe3 Bb4 11. Qg3 0-0 12. 0-0 d6 13. Kh1 Bd7 14. f5 Bxc3 15. bxc3 f6 16. Rad1 e5 17. Rf3 Rac8 18. c4 Be8 19. Qg4 Qa5 20. a3 Qc7 21. Rg3 Rf7 22. Rd5 Ba4 23. c5 dxc5 24. Bc4 Kh8 25. Rdd3 Re7 26. Qg6 h6 27. Rh3 Qb6 28. Rd1 Bxc2 29. Rg1 Bxe4 30. Bf7 Rxf7 31. Qxf7 Bxf5 32. Rg3 Rg8 33. Rb3 Qa5 34. Rxb7 Qxa3 35. Rxa7 Qd3 36. Rc7 Bg6 37. Qe7 c4 38. Qb4 e4 39. Qxc4 Qxc4 40. Rxc4 e3 41. Re1 Rd8 42. Kg1 Rd3 43. Rg4 Kh7 44. Rg3 e2 45. Rxe2 Rd1+ 46. Kf2 Rh1 47. h3 Ra1 48. Rb3 Ra7 49. Rbe3 h5 50. Re7 Ra5 51. Rc7 Rf5+ 52. Kg3 Rg5+ 53. Kf2 Bd3 54. Re3 Bf5 55. Rg3 Rg6 56. Rxg6 Kxg6 57. Kf3 Bb1 58. h4 Bf5 59. g3 Bg4+ 60. Ke4 Be6 61. Kd4 Bg8 62. Kc5 Be6 63. Kd6 Ba2 64. Rc5 Bb1 65. Ke7 Bf5 66. Kf8 Bg4 67. Rc7 Kf5 68. Kxg7 Ke5 69. Re7+ 1-0

[Event "Khanty-Mansiysk Governor Cup 16th"]
[Site "Khanty-Mansiysk"]
[Date "2020.12.02"]
[Round "3"]
[White "Martynyuk, Elizaveta"]
[Black "Palyan, Mariam"]
[Result "1-0"]
[WhiteElo "2107"]
[BlackElo "1321"]
[PlyCount "56"]
[EventDate "2020.11.30"]
[EventType "swiss"]
[EventRounds "9"]
[EventCountry "RUS"]
[SourceTitle "CBM 199 Extra"]
[Source "ChessBase"]
[SourceDate "2021.01.31"]
[SourceVersion "1"]
[SourceVersionDate "2021.01.31"]
[SourceQuality "1"]

1. e4 e6 2. d4 d5 3. Nc3 Nc6 4. Nf3 Bb4 5. e5 f6 6. exf6 Nxf6 7. Bg5 0-0 8. Bd3 Qd6 9. 0-0 Bxc3 10. bxc3 e5 11. dxe5 Nxe5 12. Bf4 Nxf3+ 13. Qxf3 Qc6 14. h3 Be6 15. Rfe1 Rf7 16. Re5 Raf8 17. Rae1 Ne4 18. g3 g5 19. Bxe4 gxf4 20. Rxe6 Qxe6 21. Bxh7+ Rxh7 22. Rxe6 Rg7 23. Qxd5 fxg3 24. fxg3 Rxg3+ 25. Kh2 Rg7 26. Rf6+ Kh8 27. Qh5+ Rh7 28. Qe5 Rg7 1-0

[Event "Satka Autumn op (Women)"]
[Site "Satka"]
[Date "2020.10.27"]
[Round "7"]
[White "Maltsevskaya, Aleksandra"]
[Black "Martynyuk, Elizaveta"]
[Result "1-0"]
[WhiteElo "2260"]
[BlackElo "2102"]
[PlyCount "63"]
[EventDate "2020.10.21"]
[EventType "swiss"]
[EventRounds "9"]
[EventCountry "RUS"]
[SourceTitle "CBM 199 Extra"]
[Source "ChessBase"]
[SourceDate "2021.01.31"]
[SourceVersion "1"]
[SourceVersionDate "2021.01.31"]
[SourceQuality "1"]

1. e4 c5 2. Nf3 g6 3. d4 cxd4 4. Nxd4 Nc6 5. Nc3 Bg7 6. Be3 Nf6 7. Bc4 0-0 8. Bb3 Re8 9. 0-0 d6 10. h3 Na5 11. f4 Nxb3 12. axb3 e5 13. fxe5 Rxe5 14. Qf3 Qe8 15. Ndb5 Qe7 16. Bd4 Re6 17. Bxf6 Qxf6 18. Nc7 Qd4+ 19. Qf2 Qxf2+ 20. Rxf2 Rb8 21. Nxe6 Bxe6 22. Rd2 b5 23. Rxa7 b4 24. Nd5 Bxb2 25. Ra4 Kg7 26. Nxb4 Bc3 27. Na6 Rb6 28. Rd3 Bd7 29. Nc5 dxc5 30. Rxd7 Bd4+ 31. Kf1 Re6 32. Rc4 1-0

[Event "Satka Autumn op (Women)"]
[Site "Satka"]
[Date "2020.10.21"]
[Round "1"]
[White "Kovanova, Baira"]
[Black "Martynyuk, Elizaveta"]
[Result "1-0"]
[WhiteElo "2324"]
[BlackElo "2102"]
[PlyCount "77"]
[EventDate "2020.10.21"]
[EventType "swiss"]
[EventRounds "9"]
[EventCountry "RUS"]
[SourceTitle "CBM 199 Extra"]
[Source "ChessBase"]
[SourceDate "2021.01.31"]
[SourceVersion "1"]
[SourceVersionDate "2021.01.31"]
[SourceQuality "1"]

1. Nf3 c5 2. g3 Nc6 3. Bg2 g6 4. d3 d6 5. 0-0 Bg7 6. e4 e5 7. c3 Nge7 8. Be3 Qb6 9. b4 0-0 10. a3 h6 11. Nbd2 Be6 12. Qe2 Nd4 13. Qd1 Qa6 14. Ne1 f5 15. f3 Nb5 16. Qc1 Rac8 17. a4 Nd4 18. Qd1 f4 19. Bf2 fxg3 20. hxg3 cxb4 21. cxd4 exd4 22. Nb3 Rc3 23. Nxd4 Bf7 24. Rb1 b3 25. Nxb3 Bxb3 26. Rxb3 Qxa4 27. Rb1 Qxd1 28. Rxd1 a5 29. f4 a4 30. d4 a3 31. Nd3 Ra8 32. e5 d5 33. Be1 Rc4 34. Bb4 Kf7 35. Bc5 Ke6 36. g4 Bh8 37. f5+ gxf5 38. gxf5+ Nxf5 39. Nf4+ 1-0

[Event "Cheliabinsk Panchenko Memorial op-A"]
[Site "Cheliabinsk"]
[Date "2020.09.15"]
[Round "9"]
[White "Nasyrova, Ekaterina"]
[Black "Martynyuk, Elizaveta"]
[Result "1/2-1/2"]
[WhiteElo "2271"]
[BlackElo "2041"]
[PlyCount "141"]
[EventDate "2020.09.07"]
[EventType "swiss"]
[EventRounds "9"]
[EventCountry "RUS"]
[SourceTitle "CBM 198 Extra"]
[Source "ChessBase"]
[SourceDate "2020.11.30"]
[SourceVersion "1"]
[SourceVersionDate "2020.11.30"]
[SourceQuality "1"]

1. Nf3 c5 2. c4 Nf6 3. Nc3 g6 4. d4 cxd4 5. Nxd4 Nc6 6. e4 Nxd4 7. Qxd4 d6 8. Be2 Bg7 9. 0-0 0-0 10. Rb1 a5 11. h3 a4 12. Qe3 Be6 13. b3 axb3 14. axb3 Qa5 15. Bd2 Qc5 16. Rfc1 Nd7 17. b4 Qxe3 18. Bxe3 f5 19. Nb5 Ra2 20. Bf1 f4 21. Bd4 Ne5 22. c5 dxc5 23. Rxc5 Nc6 24. Bxg7 Kxg7 25. Nc7 Bf7 26. b5 Nd4 27. b6 Nb3 28. Re5 Kf6 29. Rb5 Nd2 30. e5+ Kg7 31. Rc1 Nxf1 32. Rxf1 Rd8 33. e6 Bg8 34. h4 Rdd2 35. Rb4 f3 36. gxf3 Rab2 37. Rb1 Ra2 38. Kg2 Rxf2+ 39. Kg3 Rfe2 40. Rc1 Rab2 41. Rcc4 Rxb4 42. Rxb4 Bxe6 43. Kf4 Bd7 44. Nb5 e5+ 45. Kg3 Bxb5 46. Rxb5 Kf6 47. Rc5 Rb2 48. Rc7 Rxb6 49. Rxh7 Rb3 50. Kg4 Rb1 51. Kg3 b5 52. Rb7 b4 53. Kg2 b3 54. Rb4 Ke6 55. Rb6+ Kf5 56. Kf2 g5 57. h5 g4 58. h6 gxf3 59. Kxf3 Rh1 60. Kg2 Rh5 61. Rxb3 Rxh6 62. Kf2 Kf4 63. Rf3+ Ke4 64. Re3+ Kd4 65. Ra3 Rh2+ 66. Ke1 Ke4 67. Rb3 Kf4 68. Ra3 e4 69. Rb3 e3 70. Rb8 Kf3 71. Rf8+ 1/2-1/2

[Event "Cheliabinsk Panchenko Memorial op-A"]
[Site "Cheliabinsk"]
[Date "2020.09.12"]
[Round "6"]
[White "Martynyuk, Elizaveta"]
[Black "Gabdrakhmanov, Azat"]
[Result "1/2-1/2"]
[WhiteElo "2041"]
[BlackElo "2328"]
[PlyCount "127"]
[EventDate "2020.09.07"]
[EventType "swiss"]
[EventRounds "9"]
[EventCountry "RUS"]
[SourceTitle "CBM 198 Extra"]
[Source "ChessBase"]
[SourceDate "2020.11.30"]
[SourceVersion "1"]
[SourceVersionDate "2020.11.30"]
[SourceQuality "1"]

1. e4 c5 2. Nf3 e6 3. d4 cxd4 4. Nxd4 a6 5. Bd3 Nf6 6. 0-0 d6 7. c4 Be7 8. Nc3 Nc6 9. Be3 0-0 10. f4 Nxd4 11. Bxd4 e5 12. Bf2 exf4 13. Bd4 Ng4 14. Nd5 Ne3 15. Nxe3 fxe3 16. Qf3 Bg5 17. Qg3 g6 18. Rad1 Qe7 19. Be2 Bh6 20. Bxe3 Bxe3+ 21. Qxe3 Be6 22. e5 dxe5 23. Qxe5 Rac8 24. b3 Qc5+ 25. Qxc5 Rxc5 26. Rd6 Re5 27. Bf3 b5 28. Bd5 bxc4 29. bxc4 Bxd5 30. cxd5 a5 31. Rd7 Re2 32. Rf2 Re1+ 33. Rf1 Re4 34. Ra7 a4 35. Rd1 Rd8 36. d6 h5 37. g3 h4 38. Rd2 Kf8 39. Kg2 Ke8 40. gxh4 Rxh4 41. Re7+ Kf8 42. Re3 Rd7 43. Rc3 Kg7 44. Kg3 Rb4 45. Kf2 Rb6 46. Rcd3 f5 47. Rd4 Ra6 48. R4d3 a3 49. Ke1 Kf6 50. Kf2 g5 51. Kf3 g4+ 52. Kg3 Ra5 53. h3 gxh3 54. Kxh3 Ra4 55. Kg3 Ke6 56. Kf3 Ra6 57. Re3+ Kf6 58. Red3 Ra4 59. Rh2 Ke5 60. Re2+ Re4 61. Rde3 Kxd6 62. Rxe4 fxe4+ 63. Kxe4 Rh7 64. Kd4 1/2-1/2

[Event "Speed Chess (Women) Q5"]
[Site "Chess.com INT"]
[Date "2020.06.22"]
[Round "6"]
[White "Goh, Jie Yi"]
[Black "Martynyuk, Elizaveta"]
[Result "1/2-1/2"]
[WhiteElo "1743"]
[BlackElo "2041"]
[PlyCount "83"]
[EventDate "2020.06.22"]
[EventType "swiss (blitz)"]
[EventRounds "13"]
[EventCountry "USA"]
[SourceTitle "CBM 196 Extra"]
[Source "ChessBase"]
[SourceDate "2020.07.31"]
[SourceVersion "1"]
[SourceVersionDate "2020.07.31"]
[SourceQuality "1"]

1. d4 d5 2. Bf4 Nf6 3. e3 c5 4. c3 Qb6 5. Qb3 c4 6. Qxb6 axb6 7. Nf3 Bf5 8. Na3 Nc6 9. Be2 e6 10. Nb5 Kd7 11. Ne5+ Nxe5 12. dxe5 Ne4 13. f3 Nc5 14. e4 dxe4 15. fxe4 Bxe4 16. Bxc4 Be7 17. Rd1+ Kc8 18. 0-0 Na4 19. Rd2 Rd8 20. Nd6+ Bxd6 21. exd6 Bc6 22. Rfd1 Nc5 23. Be3 Ne4 24. Rd3 b5 25. Bb3 Kd7 26. Rd4 e5 27. Rb4 f6 28. c4 bxc4 29. Rxc4 Nxd6 30. Bb6 Ke8 31. Bxd8 Nxc4 32. Bxf6 Nxb2 33. Rb1 gxf6 34. Rxb2 Rd8 35. Kf2 Rd4 36. Ke3 Ke7 37. Rf2 h6 38. g3 Rb4 39. Rc2 Rd4 40. Rf2 Re4+ 41. Kd3 Rd4+ 42. Ke3 1/2-1/2

[Event "Speed Chess (Women) Q5"]
[Site "Chess.com INT"]
[Date "2020.06.22"]
[Round "12"]
[White "Martynyuk, Elizaveta"]
[Black "Grigoryan, Meri"]
[Result "1-0"]
[WhiteElo "2041"]
[BlackElo "2044"]
[PlyCount "107"]
[EventDate "2020.06.22"]
[EventType "swiss (blitz)"]
[EventRounds "13"]
[EventCountry "USA"]
[SourceTitle "CBM 196 Extra"]
[Source "ChessBase"]
[SourceDate "2020.07.31"]
[SourceVersion "1"]
[SourceVersionDate "2020.07.31"]
[SourceQuality "1"]

1. e4 e5 2. Nf3 Nf6 3. Nxe5 d6 4. Nf3 Nxe4 5. Nc3 Nxc3 6. dxc3 d5 7. Bd3 Bc5 8. Bg5 f6 9. Bf4 Nc6 10. Qd2 Bg4 11. 0-0-0 Qd7 12. Rde1+ Ne7 13. Nd4 Bxd4 14. cxd4 0-0-0 15. Qa5 Kb8 16. Qxc7+ Qxc7 17. Bxc7+ Kxc7 18. Rxe7+ Rd7 19. Rhe1 Kd6 20. Rxd7+ Bxd7 21. f4 g6 22. h3 a6 23. Kd2 Rc8 24. g4 Rf8 25. Re2 Rg8 26. g5 fxg5 27. fxg5 Rf8 28. h4 Bg4 29. Rg2 Bd7 30. Ke3 Re8+ 31. Kf2 Rf8+ 32. Kg3 Re8 33. h5 Re3+ 34. Kf4 Rh3 35. hxg6 hxg6 36. Bxg6 Rh4+ 37. Ke3 Ke6 38. Bd3 Kf7 39. g6+ Kg7 40. Rf2 Rh3+ 41. Kd2 Be8 42. Re2 Bxg6 43. Rg2 Rh6 44. Rxg6+ Rxg6 45. Bxg6 Kxg6 46. Kd3 Kf6 47. c4 Ke6 48. cxd5+ Kxd5 49. Kc3 b5 50. b3 a5 51. a3 Ke4 52. a4 b4+ 53. Kc4 Ke3 54. d5 1-0

[Event "Speed Chess (Women) Q5"]
[Site "Chess.com INT"]
[Date "2020.06.22"]
[Round "3"]
[White "Martynyuk, Elizaveta"]
[Black "Vanhuyse, Nele"]
[Result "1-0"]
[WhiteElo "2041"]
[BlackElo "1928"]
[PlyCount "41"]
[EventDate "2020.06.22"]
[EventType "swiss (blitz)"]
[EventRounds "13"]
[EventCountry "USA"]
[SourceTitle "CBM 196 Extra"]
[Source "ChessBase"]
[SourceDate "2020.07.31"]
[SourceVersion "1"]
[SourceVersionDate "2020.07.31"]
[SourceQuality "1"]

1. e4 c5 2. Nf3 e6 3. d4 cxd4 4. Nxd4 Nc6 5. Nc3 Qc7 6. Be3 a6 7. Bd3 Nf6 8. 0-0 d6 9. Kh1 Be7 10. f4 Bd7 11. Qf3 0-0 12. g4 Nxd4 13. Bxd4 Bc6 14. g5 Nd7 15. Nd5 exd5 16. exd5 Bb5 17. c4 Bxc4 18. Rac1 Bxd5 19. Rxc7 Bxf3+ 20. Rxf3 Rfd8 21. Bf5 1-0

[Event "Speed Chess (Women) Q5"]
[Site "Chess.com INT"]
[Date "2020.06.22"]
[Round "2"]
[White "Tsotsonava, Elene"]
[Black "Martynyuk, Elizaveta"]
[Result "1-0"]
[WhiteElo "2012"]
[BlackElo "2041"]
[PlyCount "149"]
[EventDate "2020.06.22"]
[EventType "swiss (blitz)"]
[EventRounds "13"]
[EventCountry "USA"]
[SourceTitle "CBM 196 Extra"]
[Source "ChessBase"]
[SourceDate "2020.07.31"]
[SourceVersion "1"]
[SourceVersionDate "2020.07.31"]
[SourceQuality "1"]

1. e4 c5 2. Nf3 Nc6 3. d4 cxd4 4. Nxd4 g6 5. c4 Nf6 6. Nc3 Nxd4 7. Qxd4 d6 8. Be2 Bg7 9. 0-0 0-0 10. Qd1 a5 11. Be3 a4 12. Nxa4 Nxe4 13. Nb6 Ra5 14. Bf3 Ng5 15. Bd5 e6 16. Bf3 Nxf3+ 17. Qxf3 Bxb2 18. Rab1 Rxa2 19. Qe2 Qf6 20. Bc1 Qe5 21. Qc2 Qc3 22. Qe2 Bxc1 23. Qxa2 Bg5 24. Nxc8 Rxc8 25. Rxb7 Rxc4 26. Qa7 Qf6 27. Qb8+ Kg7 28. Qxd6 Bf4 29. Qd3 Rc3 30. Qd7 e5 31. g3 Bg5 32. h4 Bc1 33. Kg2 e4 34. Qe7 Qf3+ 35. Kg1 e3 36. Qe5+ Kh6 37. Qxc3 exf2+ 38. Rxf2 Qxc3 39. Rbxf7 Be3 40. Kg2 Bxf2 41. Rxf2 Qc6+ 42. Kh2 Qe4 43. Kg1 Qe3 44. Kg2 Kh5 45. Rf3 Qe2+ 46. Rf2 Qe4+ 47. Kh2 g5 48. hxg5 Kxg5 49. Kh3 h5 50. Kh2 h4 51. gxh4+ Kxh4 52. Rg2 Qf4+ 53. Kg1 Qe3+ 54. Kh1 Qe1+ 55. Rg1 Qe4+ 56. Kh2 Qf3 57. Rg2 Qe3 58. Kh1 Qe4 59. Kg1 Qf4 60. Rf2 Qg3+ 61. Kf1 Qe3 62. Rg2 Qf3+ 63. Rf2 Qe3 64. Rg2 Qd3+ 65. Re2 Qd4 66. Ke1 Qc3+ 67. Rd2 Kg3 68. Kd1 Qb3+ 69. Kc1 Kf3 70. Rc2 Ke3 71. Rb2 Qc3+ 72. Kb1 Kd3 73. Ka2 Qa5+ 74. Kb1 Qa3 75. Rc2 1-0

[Event "Speed Chess (Women) Q4"]
[Site "Chess.com INT"]
[Date "2020.06.21"]
[Round "7"]
[White "Daulyte Cornette, Deimante"]
[Black "Martynyuk, Elizaveta"]
[Result "1-0"]
[WhiteElo "2400"]
[BlackElo "2041"]
[PlyCount "65"]
[EventDate "2020.06.21"]
[EventType "swiss (blitz)"]
[EventRounds "9"]
[EventCountry "USA"]
[SourceTitle "CBM 196 Extra"]
[Source "ChessBase"]
[SourceDate "2020.07.31"]
[SourceVersion "1"]
[SourceVersionDate "2020.07.31"]
[SourceQuality "1"]

1. e4 c5 2. Nc3 Nc6 3. Bb5 Nd4 4. Nf3 Nxb5 5. Nxb5 d6 6. d4 a6 7. Nc3 cxd4 8. Qxd4 Nf6 9. Bg5 e6 10. e5 dxe5 11. Qxd8+ Kxd8 12. Nxe5 Ke8 13. 0-0-0 Be7 14. Kb1 h6 15. Bf4 b5 16. a3 Bb7 17. f3 Nd5 18. Nxd5 Bxd5 19. Rhe1 g5 20. Bg3 h5 21. Rxd5 exd5 22. Nc6 Kf8 23. Nxe7 Re8 24. Nxd5 Rxe1+ 25. Bxe1 Rh6 26. b3 Re6 27. Bb4+ Kg7 28. c4 bxc4 29. bxc4 Rc6 30. c5 a5 31. Bc3+ Kf8 32. Bxa5 Ke8 33. Bb6 1-0

[Event "Speed Chess (Women) Q4"]
[Site "Chess.com INT"]
[Date "2020.06.21"]
[Round "4"]
[White "Martynyuk, Elizaveta"]
[Black "Milliet, Sophie"]
[Result "1/2-1/2"]
[WhiteElo "2041"]
[BlackElo "2401"]
[PlyCount "89"]
[EventDate "2020.06.21"]
[EventType "swiss (blitz)"]
[EventRounds "9"]
[EventCountry "USA"]
[SourceTitle "CBM 196 Extra"]
[Source "ChessBase"]
[SourceDate "2020.07.31"]
[SourceVersion "1"]
[SourceVersionDate "2020.07.31"]
[SourceQuality "1"]

1. e4 c5 2. Nf3 e6 3. d4 cxd4 4. Nxd4 Nc6 5. Nc3 Qc7 6. Be3 a6 7. Bd3 Nf6 8. 0-0 b5 9. Nxc6 Qxc6 10. e5 Bb7 11. f3 Nd5 12. Nxd5 Qxd5 13. Be4 Qxd1 14. Raxd1 Bxe4 15. fxe4 Rc8 16. c3 Bc5 17. Rf3 Ke7 18. Kf2 Bxe3+ 19. Kxe3 Rc5 20. Kf4 h6 21. h4 g5+ 22. hxg5 hxg5+ 23. Kxg5 Rg8+ 24. Kf4 Rxg2 25. Rfd3 Rc7 26. R1d2 Rxd2 27. Rxd2 Rc6 28. Rd4 Rb6 29. Ke3 d6 30. exd6+ Rxd6 31. e5 Rc6 32. a4 Rc5 33. Ke4 f5+ 34. exf6+ Kxf6 35. axb5 Rxb5 36. b4 a5 37. bxa5 Rxa5 38. Rb4 Rh5 39. Rb1 Rh4+ 40. Kd3 Ke5 41. Re1+ Kd5 42. c4+ Rxc4 43. Rxe6 Rd4+ 44. Ke3 Kxe6 45. Kxd4 1/2-1/2

[Event "Novi Sad TS IM 126th"]
[Site "Novi Sad"]
[Date "2020.02.04"]
[Round "5"]
[White "Martynyuk, Elizaveta"]
[Black "Bozic, Milan"]
[Result "0-1"]
[WhiteElo "2039"]
[BlackElo "2310"]
[PlyCount "92"]
[EventDate "2020.02.01"]
[EventType "tourn"]
[EventRounds "9"]
[EventCountry "SRB"]
[SourceTitle "CBM 194 Extra"]
[Source "ChessBase"]
[SourceDate "2020.03.31"]
[SourceVersion "1"]
[SourceVersionDate "2020.03.31"]
[SourceQuality "1"]

1. e4 d6 2. d4 Nd7 3. Nc3 e5 4. Nf3 c6 5. Bc4 Be7 6. a4 Ngf6 7. 0-0 0-0 8. Re1 a5 9. h3 exd4 10. Nxd4 Nc5 11. Bf4 Ne8 12. Bh2 Bf6 13. Qd2 Qb6 14. Nb3 Be5 15. Bxe5 dxe5 16. Qe3 Nd7 17. Qg3 Qb4 18. Nd2 Kh8 19. Bb3 f6 20. Rad1 Nc5 21. Na2 Qb6 22. Qe3 Qa7 23. Nc1 b6 24. Nc4 Ba6 25. Nd3 Bxc4 26. Bxc4 Nxa4 27. Ra1 b5 28. Bb3 Qxe3 29. Rxe3 Nb6 30. Nc5 a4 31. Ne6 Rf7 32. Ba2 Rd7 33. Rc3 Rd6 34. Kf1 b4 35. Rf3 b3 36. Ng5 bxa2 37. Nf7+ Kg8 38. Nxd6 Nxd6 39. Rc3 Rc8 40. f3 c5 41. Rxa2 c4 42. Re3 Nb5 43. c3 Rd8 44. Ke2 Kf7 45. Ra1 Ke6 46. Rd1 Ra8 0-1

[Event "Novi Sad TS IM 126th"]
[Site "Novi Sad"]
[Date "2020.02.03"]
[Round "4"]
[White "Panic, Nenad"]
[Black "Martynyuk, Elizaveta"]
[Result "0-1"]
[WhiteElo "2321"]
[BlackElo "2039"]
[PlyCount "78"]
[EventDate "2020.02.01"]
[EventType "tourn"]
[EventRounds "9"]
[EventCountry "SRB"]
[SourceTitle "CBM 194 Extra"]
[Source "ChessBase"]
[SourceDate "2020.03.31"]
[SourceVersion "1"]
[SourceVersionDate "2020.03.31"]
[SourceQuality "1"]

1. d4 d5 2. Nf3 Nf6 3. Bf4 Bf5 4. e3 e6 5. Ne5 h6 6. Nd2 Nbd7 7. c4 c6 8. Qb3 Qb6 9. c5 Qxb3 10. axb3 a6 11. b4 Rd8 12. Nxc6 bxc6 13. Bxa6 e5 14. Bg3 Rb8 15. b5 cxb5 16. dxe5 Nxc5 17. exf6 Rb6 18. Bxb5+ Rxb5 19. 0-0 gxf6 20. Nf3 Rb7 21. Nd4 Bg6 22. Rfc1 Kd7 23. Ra8 Ne6 24. Rcc8 Rxb2 25. f3 Rb1+ 26. Kf2 Bd3 27. e4 Bc5 28. Rxc5 Rxa8 29. Rxd5+ Ke8 30. Nxe6 fxe6 31. Rxd3 Ra2+ 32. Ke3 Rxg2 33. Kf4 h5 34. Ra3 Kf7 35. Ra5 Kg6 36. e5 h4 37. exf6 Rb4+ 38. Ke5 hxg3 39. hxg3 Re2+ 0-1

[Event "Khanty-Mansiysk Governor Cup 15th"]
[Site "Khanty-Mansiysk"]
[Date "2019.11.24"]
[Round "8"]
[White "Martynyuk, Elizaveta"]
[Black "Maltsevskaya, Aleksandra"]
[Result "0-1"]
[WhiteElo "2020"]
[BlackElo "2332"]
[PlyCount "62"]
[EventDate "2019.11.19"]
[EventType "swiss"]
[EventRounds "9"]
[EventCountry "RUS"]
[SourceTitle "CBM 193 Extra"]
[Source "ChessBase"]
[SourceDate "2020.01.31"]
[SourceVersion "1"]
[SourceVersionDate "2020.01.31"]
[SourceQuality "1"]

1. e4 c5 2. Nf3 Nc6 3. d4 cxd4 4. Nxd4 e6 5. Nc3 a6 6. Be3 Nf6 7. Bd3 d5 8. exd5 exd5 9. 0-0 Be7 10. Bf5 0-0 11. Bxc8 Qxc8 12. Qf3 Rd8 13. Rad1 Ne5 14. Qf5 Nc4 15. Bc1 h6 16. Rfe1 Bb4 17. Rd3 Nd6 18. Qf3 Nde4 19. Nf5 Re8 20. Red1 Bxc3 21. bxc3 Re5 22. Nd4 Qe8 23. h4 Qd7 24. Bf4 Re7 25. Re3 Rae8 26. Bh2 g6 27. Ne2 Ng4 28. Red3 Nexf2 29. Rxd5 Qc6 30. R1d2 Qb6 31. Bd6 Rxe2 0-1

[Event "Khanty-Mansiysk Governor Cup 15th"]
[Site "Khanty-Mansiysk"]
[Date "2019.11.20"]
[Round "3"]
[White "Martynyuk, Elizaveta"]
[Black "Obgolts, Erik"]
[Result "1/2-1/2"]
[WhiteElo "2020"]
[BlackElo "2371"]
[PlyCount "116"]
[EventDate "2019.11.19"]
[EventType "swiss"]
[EventRounds "9"]
[EventCountry "RUS"]
[SourceTitle "CBM 193 Extra"]
[Source "ChessBase"]
[SourceDate "2020.01.31"]
[SourceVersion "1"]
[SourceVersionDate "2020.01.31"]
[SourceQuality "1"]

1. e4 g6 2. d4 Bg7 3. Nc3 c6 4. Be3 d5 5. Qd2 dxe4 6. Nxe4 Nd7 7. 0-0-0 Ngf6 8. f3 0-0 9. Bh6 e5 10. Bxg7 Kxg7 11. Nxf6 Qxf6 12. h4 h6 13. g4 exd4 14. g5 Qd6 15. h5 hxg5 16. Nh3 f6 17. hxg6 Rh8 18. Be2 Ne5 19. Nxg5 Bf5 20. Ne4 Bxe4 21. fxe4 Nxg6 22. Rxh8 Rxh8 23. Qxd4 Qxd4 24. Rxd4 Ne5 25. a4 Rh2 26. Bd1 Rh8 27. a5 Kf7 28. Rb4 Rb8 29. Kd2 Ke7 30. Ke3 b5 31. axb6 axb6 32. Ra4 Rh8 33. Be2 Rh1 34. Ra6 b5 35. b3 Kd7 36. Kd4 Kc7 37. Bd3 Kb7 38. Ra2 Rc1 39. Kc3 Rb1 40. Kd4 Rd1 41. Kc3 Nd7 42. Be2 Re1 43. Kd2 Rg1 44. Ke3 Rg3+ 45. Kd4 Nf8 46. Bd3 Ne6+ 47. Kc3 Nc5 48. Kd4 Ne6+ 49. Kc3 Rg1 50. Kb2 Nf4 51. Kc3 Rd1 52. Ra5 Ne6 53. Kb4 Nc7 54. Kc5 Na6+ 55. Rxa6 Kxa6 56. Kxc6 Ka5 57. Bxb5 Kb4 58. Bd3 Rd2 1/2-1/2

[Event "Khanty-Mansiysk Governor Cup 15th"]
[Site "Khanty-Mansiysk"]
[Date "2019.11.19"]
[Round "1"]
[White "Martynyuk, Elizaveta"]
[Black "Pogosyan, Stefan"]
[Result "1-0"]
[WhiteElo "2020"]
[BlackElo "2455"]
[PlyCount "117"]
[EventDate "2019.11.19"]
[EventType "swiss"]
[EventRounds "9"]
[EventCountry "RUS"]
[SourceTitle "CBM 193 Extra"]
[Source "ChessBase"]
[SourceDate "2020.01.31"]
[SourceVersion "1"]
[SourceVersionDate "2020.01.31"]
[SourceQuality "1"]

1. e4 Nc6 2. Nf3 d6 3. h3 Nf6 4. Nc3 g6 5. d4 Bg7 6. Be3 0-0 7. Qd2 e5 8. d5 Ne7 9. Bh6 Bd7 10. 0-0-0 b5 11. Bd3 b4 12. Ne2 c6 13. Bxg7 Kxg7 14. Qxb4 cxd5 15. Qxd6 Nc8 16. Qxe5 Re8 17. Qc3 dxe4 18. Bb5 exf3 19. Rxd7 fxg2 20. Rhd1 Qb6 21. Bc4 Re7 22. R7d4 Qc5 23. Nf4 Nb6 24. Nxg2 Rc8 25. Rf4 Rc6 26. Rdd4 g5 27. Rg4 h5 28. b4 Qe5 29. f4 Ne4 30. Qb2 Nxc4 31. fxe5 Nxb2 32. Rgxe4 Na4 33. b5 Rc5 34. Rxa4 Rxb5 35. e6 f5 36. Re2 h4 37. Rd4 Kf6 38. Rd6 Re5 39. Kd2 Rxe2+ 40. Kxe2 g4 41. Nxh4 gxh3 42. Nf3 Rg7 43. Ke3 f4+ 44. Kxf4 Rg2 45. Rc6 h2 46. Nxh2 Rxh2 47. Ke4 Rd2 48. a4 a5 49. c4 Rd1 50. c5 Rd2 51. Ra6 Rd1 52. e7+ Kxe7 53. Ke5 Kd7 54. Rd6+ Rxd6 55. cxd6 Kd8 56. Kd4 Kc8 57. Kc4 Kd7 58. Kc5 Kd8 59. Kb5 1-0

[Event "Chigorin Memorial 27th"]
[Site "St Petersburg"]
[Date "2019.10.06"]
[Round "2"]
[White "Maltsevskaya, Aleksandra"]
[Black "Martynyuk, Elizaveta"]
[Result "1-0"]
[WhiteElo "2333"]
[BlackElo "2072"]
[PlyCount "59"]
[EventDate "2019.10.05"]
[EventType "swiss"]
[EventRounds "9"]
[EventCountry "RUS"]
[SourceTitle "EXT 2020"]
[Source "ChessBase"]
[SourceDate "2019.10.17"]
[SourceVersion "1"]
[SourceVersionDate "2019.10.17"]
[SourceQuality "1"]

1. Nf3 d5 2. g3 Nf6 3. Bg2 c6 4. 0-0 Bf5 5. d3 h6 6. Nbd2 e6 7. b3 Nbd7 8. Bb2 a5 9. a3 Bc5 10. e4 dxe4 11. dxe4 Bh7 12. Qe2 0-0 13. Rad1 Qe7 14. a4 Ba3 15. Ba1 Rfd8 16. e5 Nd5 17. Nc4 b5 18. axb5 cxb5 19. Nd6 Rab8 20. Nd4 Nxe5 21. N6xb5 Bd6 22. Nxd6 Qxd6 23. c4 Nf6 24. Nf5 Qa3 25. Nxh6+ Kf8 26. Qxe5 Bc2 27. Rxd8+ Rxd8 28. Ng4 Ne8 29. Bc6 f6 30. Qxe6 1-0